Missing Word: Pierce Brosnan Quiz Stats

Quiz Updated Oct 16, 2016

Also try: Missing Word: 007
Challenge
Share
Tweet
Embed
Score 0/16 Timer 03:00
0 Plays Today
Movie Missing Word % Correct
_____ DoubtfireMrs.
98%
Die _____ DayAnother
95.4%
_____ Mia!Mamma
95.3%
I _____ Know How She Does ItDon't
92.9%
The Mirror Has _____ FacesTwo
91.9%
The _____ Crown AffairThomas
89.6%
_____ Attacks!Mars
89.5%
Robinson _____Crusoe
83.2%
Movie Missing Word % Correct
_____ Never DiesTomorrow
82.9%
The World Is Not _____Enough
82.1%
_____ PeakDante's
65%
The _____ WriterGhost
53.9%
Percy Jackson & the Olympians: The _____ ThiefLightning
50.9%
_____ of AttractionLaws
45.5%
The Tailor of _____Panama
36%
Salvation _____Boulevard
6%

Today's Daily Dose

Missing Word
NPR Programs

Quick Pick
1991 Events

On This Day
June 18th II

You're not logged in!

Compare scores with friends on all Sporcle quizzes.
Join for Free
OR
Log In

You Might Also Like...

Show Comments

Extras

Top Quizzes Today


Score Distribution

Your Account Isn't Verified!

In order to create a playlist on Sporcle, you need to verify the email address you used during registration. Go to your Sporcle Settings to finish the process.

Report this User

Report this user for behavior that violates our Community Guidelines.

Details: